000 00939nam a2200277 a 4500
008
020 _a0471314307 (hbk.)
049 _aMAIN
090 0 _aHD38.5
245 0 0 _aLogistics and the extended enterprise :
_bbenchmarks and best practices for the manufacturing professional /
_cSandor Boyson ... [et al.]
260 _aNew York :
_bWiley,
_cc1999.
300 _aix, 230 p. :
_bill. ;
_c24 cm.
440 0 _aWiley operations management series for professionals.
504 _aIncludes bibliographical references.
500 _aIncludes index.
650 0 _aBusiness logistics
_xCost effectiveness.
650 0 _aDelivery of goods
_xManagement.
650 0 _aIndustrial procurement.
650 0 _aContracting out.
700 1 _aBoyson, Sandor.
907 _a.b10139850
_b17-01-06
_c15-11-04
003
005 20230123133844.0
040 _cNUST
942 _cBOOKS
_kHD38.5
999 _c155786
_d155786